|
|
|
|
| LEADER |
00963nam a2200265 a 4500 |
| 001 |
000532475 |
| 003 |
CZ BrMZK |
| 005 |
20100707142205.0 |
| 007 |
ta |
| 008 |
000105s1982 xo f slo d |
| 040 |
|
|
|a BOA001
|b cze
|
| 080 |
9 |
|
|a 885.4-93-32
|2 MRF
|
| 100 |
1 |
|
|a Jarunková, Klára,
|d 1922-2005
|7 jn20000603206
|4 aut
|
| 245 |
1 |
0 |
|a Pomstiteľ /
|c Klára Jarunková ; doslov napísal Július Noge ; ilustrácie Daniela Zacharová
|
| 250 |
|
|
|a 1. vyd. v Mladých letách
|
| 260 |
|
|
|a Bratislava :
|b Mladé letá,
|c 1982
|
| 300 |
|
|
|a 125 s.
|
| 490 |
1 |
|
|a Vybrané spisy Kláry Jarunkovej
|
| 521 |
8 |
|
|a Pre čitateľov od 14 rokov
|
| 700 |
1 |
|
|a Noge, Július,
|d 1931-1993
|7 ola2002111244
|4 wfw
|
| 700 |
1 |
|
|a Zacharová, Dana,
|d 1947-
|7 jo2001100263
|4 ill
|
| 800 |
1 |
|
|a Jarunková, Klára,
|d 1922-2005.
|t Vybrané spisy
|
| 910 |
|
|
|a BOA001
|b 2-0863.763
|
| 990 |
|
|
|a BK
|
| 996 |
7 |
|
|b 2619368126
|c 2-0863.763
|l MZK
|r Sklad / do 1 hodiny
|n 0
|w 000532475
|u 000010
|a 1
|e BOA001
|j MZK50
|s A
|